Capitalism: The reemergence of a historical concept (Record no. 394787)

MARC details
000 -LEADER
fixed length control field 00567 a2200205 4500
005 - DATE & TIME
control field 20260205142618.0
008 - FIXED-LENGTH DATA ELEMENTS--GENERAL INFORMATION
fixed length control field 260205b |||||||| |||| 00| 0 eng d
020 ## - ISBN
International Standard Book Number 9789393715326
Price Rs. 999.00
040 ## - CATALOGING SOURCE
Original cataloging agency VIVEKANANDA LIBRARY
082 ## - DDC NUMBER
Classification number 330.12
Book Number K814C
100 ## - MAIN ENTRY--PERSONAL NAME
Personal name Kocka, Jurgen, ed.
245 ## - TITLE STATEMENT
Title Capitalism: The reemergence of a historical concept
260 ## - PUBLICATION, DISTRIBUTION, ETC. (IMPRINT)
Name of publisher, distributor, etc Bloomsbury Academic India
Date of publication, distribution, etc 2024
Place of publication, distribution, etc New Delhi
300 ## - PHYSICAL DESCRIPTION
Pages ix, 281
650 ## - Subject
Subject Economics
650 ## - Subject
Subject Capitalism
650 ## - Subject
Subject Economic Theory
700 ## - Added Entry Personal Name
Added Entry Personal Name Linden, Marcel van der, ed.
942 ## - ADDED ENTRY ELEMENTS (KOHA)
Koha item type Books
Holdings
Withdrawn status Lost status Source of classification or shelving scheme Damaged status Not for loan Location (home branch) Sublocation or collection (holding branch) Shelving location Date acquired Koha issues (times borrowed) Koha full call number Accession No. Koha date last seen Koha item type
    Dewey Decimal Classification     VIVEKANANDA LIBRARY VIVEKANANDA LIBRARY Vivekananda Library 22/01/2026   330.12 K814C 444403 22/01/2026 Books
© Designed and Maintained by Vivekananda Library, MDU Rohtak